Statistiques concernant Provinces de l'Empire Romain - Carte

Cliquez ici pour prendre le quiz!

Statistiques générales

  • Ce quiz a été pris 6 617 fois
  • Le résultat moyen est 15 sur 47

Réponses sur la Carte

Les réponses sont colorées sur une échelle allant du rouge au vert en fonction du pourcentage des utilisateurs qui les ont devinées à leur premier essai. Vous pouvez retrouver ces pourcentages ci-dessous.
 

Statistiques - réponses

CapitaleProvince% Correct
Roma (Rome)Italie
91%
Carales (Cagliari)Corse-Sardaigne
73%
Syracusae (Syracuse)Sicile
71%
AlexandriaEgypte
66%
Londinium (Londres)Bretagne
64%
Burdigala (Bordeaux)Aquitaine
52%
Durocortorum (Reims)Belgique
51%
PaphosChypre
51%
GortynCrète-Cyrénaïque
49%
Thessalonica (Thessalonique)Macédoine
43%
Colonia (Cologne)Germanie Inférieure
42%
Mogontiacum (Mainz)Germanie Supérieure
42%
Narbo (Narbonne)Narbonnaise
42%
Antioch (Antakya)Syrie
41%
Lugdunum (Lyon)Lyonnaise
39%
Caesarea Marítima (Caesarea)Judée
37%
Carthago (Carthage)Afrique
33%
Heraclea Perinthus
(Marmara Ereğlisi)
Thrace
33%
Nicomedia (Izmit)Bithynie-Pont
32%
Emerita Augusta (Mérida)Lusitanie
31%
Artashat (Artaxata)Arménie
30%
Ulpia Traiana (Sarmizegetusa)Dacie Trajane
30%
Salona (Solin)Dalmatie
30%
PetraArabie Pétrée
29%
Babylon (?)Mésopotamie
29%
EphesusAsie
27%
Caesarea (Cherchell)Maurétanie Césarienne
27%
Tingis (Tanger)Maurétanie Tingitane
27%
Buthrotum (Butrint)Epire
21%
Caesarea (Kayseri)Cappadoce
19%
Corduba (Cordoue)Bétique
18%
Aquincum (Budapest)Pannonie Inférieure
18%
Carnuntum (Petronell-Carnuntum)Pannonie Supérieure
18%
TarsusCilicie
16%
Corinthus (Corinth)Achaïe
15%
Tarraco (Tarragone)Tarraconnaise
15%
Ctesiphon (?)Assyrie
14%
Ancyra (Ankara)Galatie
14%
Augusta Vindelicorum (Augsburg)Rhétie
14%
Cemenelum (Cimiez)Alpes Maritimes
13%
Tomis (Constanța)Mésie Inférieure
13%
Naissus (Niš)Mésie Superieure
13%
Attalia (Antalya)Lycie et Pamphylie
12%
Panticapaeum (Kerch)Royaume du Bosphore
12%
Claudius VirunumNorique
11%
Segusio (Susa)Alpes Cottiennes
10%
Octodurum (Martigny)Alpes Pennines
8%

Distribution des résultats

Percentile par nombre de réponses

% des personnes avec chaque résultat

Votre développement - résultats

Vous n’avez pas pris ce quiz